000 00506nam a22001697a 4500
003 NUST
005 20260512124746.0
008 260512b ||||| |||| 00| 0 eng d
020 _a 978-3319841687
082 _a302.231
_bEVA
100 _a Leighton Evans, Michael Saker.
_9134417
245 _aLocation-Based Social Media: Space, Time and Identity /
_c Leighton Evans, Michael Saker.
260 _bPalgrave Macmillan,
_c2017.
300 _a112 p ;
_c26.2 cm
563 _ahardcover
942 _2ddc
_cBK
999 _c617408
_d617408